| 000 | 01105nam a2200289 a 4500 | ||
|---|---|---|---|
| 001 | 000024861 | ||
| 005 | 20200930023420.0 | ||
| 008 | 100712s1993 ag 000 | spa d | ||
| 020 | _a9506942927 | ||
| 040 |
_aDO-SdBNP _bspa _cBNPHU |
||
| 041 | 1 | 7 |
_aeng _hspa _2Código de idioma MARC |
| 082 |
_a327.101 _bD732t |
||
| 100 | 1 |
_aDougherty, James E. _951023 |
|
| 240 | 1 | 0 |
_aContending theories of international relations. _lEspañol |
| 245 | 1 | 0 |
_aTeorías en pugna en las relaciones internacionales / _cJames E. Dougherty, Robert L. Pfaltzgraff (hijo) ; traducción Cristina Piña. |
| 260 |
_aMéxico, D. F. : _bGrupo Editor Latinomareicano, _c1993. |
||
| 300 |
_a592 p. ; _c23 cm. |
||
| 490 | 1 | _aEstudios Internacionales | |
| 534 |
_aTítulo original : _tContending theories of international relations |
||
| 650 | 4 |
_aRelaciones internacionales _xTeorías _951024 |
|
| 650 | 4 |
_aPolítica exterior _98420 |
|
| 650 | 4 |
_aGeopolítica _918428 |
|
| 700 | 1 |
_aPfaltzgraff , Robert L. , _c(hijo) _951025 |
|
| 700 | 1 |
_aPiña, Cristina _etr. _947086 |
|
| 830 | 0 |
_aEstudios Internacionales _948515 |
|
| 049 | _aBNGR | ||
| 999 |
_c24354 _d24354 |
||